Metal spraying. The origin, development, and applications of the metal-spray process of metallisation /
Saved in:
| Main Author: | |
|---|---|
| Other Authors: | |
| Format: | Book |
| Language: | English |
| Published: |
London :
C. Griffin & Company,limited,
1926
|
| Series: | Griffin's technological handbooks.
|
| Subjects: | |
| Tags: |
Add Tag
No Tags, Be the first to tag this record!
|
| LEADER | 00819nam a22002175u 4500 | ||
|---|---|---|---|
| 001 | 006972005-3 | ||
| 005 | 20020606163548.3 | ||
| 008 | 960722s1926 enka b |001|0|eng|d | ||
| 010 | |a 26014881 | ||
| 050 | |a TS655 |b .T8 | ||
| 100 | 1 | |a Turner, T. Henry |q (Thomas Henry) | |
| 245 | 1 | 0 | |a Metal spraying. |b The origin, development, and applications of the metal-spray process of metallisation / |c by T. Henry Turner and N. F. Budgen. |
| 260 | |a London : |b C. Griffin & Company,limited, |c 1926 | ||
| 300 | |a xiv, 175 p. : |b ill. ; |c 23 cm. | ||
| 490 | 0 | |a Griffin's technological handbooks. | |
| 504 | |a Includes bibliographical references and index. | ||
| 650 | 0 | |a Metal spraying. | |
| 700 | 1 | |a Budgen, N. F. |q (Norman Frederick), |e joint author. | |
| 740 | 0 | |a Metallisation, The metal-spray process of. | |
| 988 | |a 20020608 | ||
| 906 | |0 MH | ||


